Statistics for Moonlight Lyrics

Click here to take the quiz!

General Stats

  • This quiz has been taken 11 times
  • The average score is 176 of 253

Answer Stats

HintAnswer% Correct
I
100%
n****
100%
n*****
100%
good
91%
in
91%
look
91%
moonlight
91%
right
91%
shawty
91%
ChorusSpotlight
91%
spotlight
91%
the
91%
you
91%
a
82%
get
82%
BridgeAll
73%
all
73%
f***
73%
f******
73%
mood
73%
trippin'
73%
why
73%
IntroYeah
73%
your
73%
bad
64%
me
64%
p****
64%
so
64%
these
64%
VerseFeel
55%
feel
55%
make
55%
mind
55%
uh
55%
don't
45%
i'm
45%
know
45%
like
45%
my
45%
no
45%
oh
45%
testin'
45%
and
36%
call
36%
destined
36%
need
36%
when
36%
alone
27%
girl
27%
lesson
27%
phone
27%
at
18%
damaged
18%
here's
18%
shots
18%
smith
18%
this
18%
wesson
18%
who
18%
boy
9%
brethren
9%
intestine
9%
knife
9%
looks
9%
planned
9%
scantron
9%
takin'
9%

Score Distribution

Percentile by Number Answered

Percent of People with Each Score

Your Score History

You have not taken this quiz